Normal view
MARC view
- Iqbal A Rehman Mandwia
Entry Personal Name
001 - CONTROL NUMBER
- control field: 88646
003 - CONTROL NUMBER IDENTIFIER
- control field: NUST
005 - DATE AND TIME OF LATEST TRANSACTION
- control field: 20220126103336.0
008 - FIXED-LENGTH DATA ELEMENTS
- fixed length control field: 220126|| aca||aabn | a|a d
040 ## - CATALOGING SOURCE
- Original cataloging agency: NUST
- Transcribing agency: NUST
100 ## - HEADING--PERSONAL NAME
- Personal name: Iqbal A Rehman Mandwia
670 ## - SOURCE DATA FOUND
- Source citation: Work cat.: (NUST): Iqbal A Rehman Mandwia, Iss Dasht Main Aik Sheher Tha Karachi Kay Sunehray Dino Ki Dastan, 2020.
